000 00429nam a2200181Ia 4500
001 11461
005 20260306162830.0
008 260306t1980||||xx |||||||||||||| ||spa||
041 _aESP
082 _a985.06
_bE41
100 _aElías Murguía, Julio J.
_eAUT
245 0 _aMarinos peruanos en Arica
260 _c1980
300 _a332 páginas :
_c21 cm.
650 _aGEN
654 _aCHU
942 _cLIB
_dJUS
_fJUS
_2ddc
_n
999 _c11461
_d11461